| 000 | 00627nam a22002057a 4500 | ||
|---|---|---|---|
| 999 |
_c5614 _d5614 |
||
| 003 | AR-CdUCM | ||
| 008 | 190312b ||||| |||| 00| 0 spa d | ||
| 040 |
_aMUNICIPALIDAD PROVINCIAL DEL CUSCO _cBIBLIOTECA MUNICIPAL DEL CUSCO |
||
| 082 |
_a869.8125 / _bR73 |
||
| 100 |
_aRodo, Jose Enrique _93067 |
||
| 245 | _aHombres de América / | ||
| 260 |
_aGuayaquil : _bCromograf, _c1975. |
||
| 300 |
_a144 páginas ; _c18 cm. |
||
| 440 |
_aColeccion ariel universal _n39 _916795 |
||
| 500 | _aDonación familia Nieto | ||
| 650 |
_aBolívar, Simón _911411 |
||
| 650 |
_aDarío, Rubén _916796 |
||
| 942 |
_2ddc _cLIBROS |
||
| 945 | _aafb | ||